000 01812nam a22004817a 4500
001 000071124
003 CHAP
005 20250523113050.0
008 971013s1989 r 00010 d
010 _a68395
011 _a69367
020 _a9688840262
035 _a78843
040 _cCHAP
082 0 4 _a630.9727
_bR63 1989
100 1 0 _aRodríguez Canto, Adolfo
_998359
245 1 0 _aCaracterización de la producción agrícola de la región Costa de Oaxaca.
250 _a2 ed. corr. y aum.
260 _aPinotepa Nacional, Oax. :
_bUACH. Subdirección de Centros Regionales,
_c[1989].
300 _a425 p. :
_bilus.
590 _aBATCH-UPD
_b10
_c20130110
_lUCH01
_h1146
590 _aBATCH-UPD
_b10
_c20130410
_lUCH01
_h0731
590 _aBATCH-UPD
_b10
_c20130914
_lUCH01
_h0049
590 _aCONVERSION
_b10
_c20130109
_lUCH01
_h1338
590 _aE5995AHE
_b05
_c20150324
_lUCH01
_h1019
590 _aE5995AHE
_b05
_c20150324
_lUCH01
_h1025
590 _aE5995AHE
_b05
_c20150324
_lUCH01
_h1026
590 _aE5995AHE
_b05
_c20150324
_lUCH01
_h1026
590 _aE5995AHE
_b05
_c20150324
_lUCH01
_h1027
650 1 4 _aAgricultura
_xHistoria
_xOaxaca.
_91524
650 1 4 _aAgricultura
_xOaxaca.
_91756
650 1 4 _aClima
_zOaxaca.
_923855
650 1 4 _aCultivos
_xOaxaca.
_930303
650 1 4 _aGanadería
_xOaxaca.
_944834
901 _aBK
942 _cLIBRO
942 _n0
949 _a630.9727 R63 1989
_bBC
_cLIBRO
_d33724000049821
_eLIBRO
_fc.2
_h74748
_i78843
_si
949 _a630.9727 R63 1989
_bBC
_cLIBRO
_d33724000560884
_eLIBRO
_h74747
_i78843
_si
949 _a630.9727 R63 1989
_bBC
_cLIBRO
_d33724000561429
_eLIBRO
_fc.3
_h74749
_i78843
_si
949 _a630.9727 R63 1989
_bBC
_cLIBRO
_d33724002205066
_eLIBRO
_fc.4
_h74750
_i78843
_si
949 _a630.9727 R63 1989
_bBC
_cUACH
_d-94627
_eUACH
_fc.5
_h74751
_i78843
_si
999 _c68395
_d68395